| 000 | 00828nam a2200265 ar4500 | ||
|---|---|---|---|
| 001 | 4585 | ||
| 005 | 20221127091005.0 | ||
| 006 | a a 000 0 | ||
| 008 | 161030 su a | 000 0|eng d | ||
| 090 | _aSP-Y | ||
| 100 | 1 | _aAl Hurayis, Rawand Abdullah. | |
| 245 | 1 | 0 |
_aYour doctor / _cby Rawand Abdullah Al Hurayis, Shatha Mohammad Al Somali. |
| 260 | _c[2015?]. | ||
| 300 |
_a106 leaves : _bilustrations(some color) ; _c30 cm. |
||
| 500 | _aSupervisor: Dr. Raed Shatnawi. | ||
| 500 | _aTitle from the cover. | ||
| 504 | _aIncludes bibliographic references. | ||
| 526 | 0 | _aStudent project. | |
| 563 | _aPaper bound. | ||
| 650 | 4 | _aComputer software. | |
| 650 | 4 | _aComputer networks. | |
| 650 | 4 | _aComputer vision in medicine. | |
| 650 | 4 |
_aMedicine _xData processing. |
|
| 700 | 0 | _aAl Somali, Shatha Mohammad. | |
| 999 |
_c4583 _d4583 |
||